Amenaza - Cauty, Lenny Tavárez - Estadísticas

Estadísticas generales
  • Esta prueba ha sido intentada 36 veces
  • La puntuación promedio es 115 de 356
Estadísticas de respuestas
Letra % Correcto
a
100%
A
100%
de
100%
De
100%
Me
100%
me
100%
mi
100%
No
100%
no
100%
Que
100%
que
100%
si
100%
cama
50%
como
50%
Como
50%
el
50%
En
50%
en
50%
es
50%
está
50%
estamos
50%
la
50%
Las
50%
lejos
50%
lo
50%
los
50%
noche
50%
nosotros
50%
o
50%
pa
50%
para
50%
Pero
50%
quiero
50%
se
50%
ser
50%
somo
50%
soy
50%
te
50%
ti
50%
50%
un
50%
Un
50%
ven
50%
vo
50%
voy
50%
y
50%
Y
50%
yo
50%
ahí
0%
amenaza
0%
amenazarte
0%
aparte
0%
Baby
0%
Bebecita
0%
bellaqueo
0%
bien
0%
casa
0%
champaña
0%
coja
0%
cojas
0%
con
0%
cuando
0%
daña
0%
destapa
0%
devolverte
0%
dicen
0%
dieron
0%
discoteca
0%
doble
0%
dos
0%
enrolo
0%
Estaba
0%
estaba
0%
estemo
0%
estemos
0%
fumando
0%
G
0%
ganas
0%
guayarte
0%
Hace
0%
hacemo
0%
Hoy
0%
jodo
0%
Karol
0%
Loco
0%
loco
0%
mami
0%
matar
0%
matarte
0%
munchies
0%
nunca
0%
ojos
0%
oscurito
0%
perrearte
0%
Perreo
0%
perreo
0%
Piensan
0%
pillarte
0%
por
0%
porque
0%
problema
0%
puestos
0%
quemen
0%
Reggaetón
0%
repeat
0%
Repuesto
0%
robo
0%
rumorando
0%
siempre
0%
solo
0%
tengo
0%
tiempo
0%
Toda
0%
todo
0%
tus
0%
última
0%
vaya
0%
veo
0%
vez
0%
Vuelve
0%
No se encontraron pruebas coincidentes
Distribución de puntuación
Porcentaje de gente con cada puntuación
Porcentaje por número respondido
Historial de tus puntuaciones
No has intentado esta prueba.